|
|
|
|
| LEADER |
00000nab a2200000 a 4500 |
| 001 |
vtls000847141 |
| 003 |
SK-MaSNL |
| 005 |
20260304115456.0 |
| 008 |
250429c2003 xo 0 slo |
| 015 |
|
|
|a SNBRB2003/10-26476
|
| 035 |
|
|
|a CLN000198796
|
| 035 |
|
|
|a urn:nbn:sk:snk-ab9eos
|
| 035 |
|
|
|a (urnnbn)urn:nbn:sk:snk:ar-a08bon
|
| 035 |
|
|
|a (uuid)ed6e098d-b8ab-4c86-ac92-be39a37ae0cc
|
| 040 |
|
|
|a SNKBUCL
|b slo
|c SNKBUCL
|e AACR2
|
| 041 |
0 |
|
|a slo
|
| 044 |
|
|
|a xo
|c SK
|
| 080 |
|
|
|a 684.4(437.6):658.56
|2 1997
|
| 080 |
|
|
|a 658.56(437.6)
|2 1997
|
| 245 |
0 |
0 |
|a Certifikácia nábytku - tak sme sa dočkali-
|b opatrenie ÚNMS SR a jeho dopad na drevospracujúci a nábytkársky priemysel SR
|c spracoval Igor Patráš ...
|
| 300 |
|
|
|b Tab.
|
| 650 |
0 |
7 |
|a nábytok
|x certifikácia
|z Slovensko
|x legislatíva
|2 snkbucl
|9 1422056
|
| 650 |
0 |
7 |
|a certifikácia
|2 snkbucl
|9 4427
|
| 655 |
|
7 |
|a články z novín a časopisov
|2 snkbucl
|9 267496
|
| 700 |
1 |
|
|a Patráš, Igor
|4 oth
|9 268147
|
| 773 |
0 |
|
|t Stolársky magazín
|g Roč. 4, č. 6 (2003), s. 28-29
|x 1335-7018
|
| 850 |
|
|
|a Slovenská národná knižnica
|
| 852 |
|
|
|a Slovenská národná knižnica
|
| 954 |
|
|
|a odborná, vedecká literatúra pôvodná (slovenská)
|2 lita
|
| 958 |
|
|
|a article13
|
| 958 |
|
|
|a OND
|
| 958 |
|
|
|a SK
|
| 958 |
|
|
|a EUIPO
|
| 999 |
|
|
|c 2876105
|d 2878035
|